Państwo do flagi - gra w memory #2 - Statystyki

Ogólne statystyki
  • Ten quiz został rozwiązany 215 razy
  • Średni wynik to 6 z 16
Odpowiedzi na mapie
Odpowiedzi zakodowano w zielono-czerwonej skali na mapie do tego quizu, zgodnie z poniższymi procentami.
 
Statystyki odpowiedzi
Odpowiedź % Poprawnych
Hiszpania
54%
Dania
44%
Arabia Saudyjska
42%
Brazylia
40%
Rumunia
40%
Chiny
39%
Indonezja
39%
Kanada
39%
Bangladesz
37%
Serbia
37%
Tajlandia
36%
Meksyk
35%
Kosowo
33%
Chile
30%
Panama
30%
Korea Północna
28%
Nie znaleziono quizów pasujących do podanych kryteriów
Rozkład punktacji
Procent ludzi z każdym wynikiem
Percentyl według liczby udzielonych odpowiedzi
Twoja historia wyników
Nie rozwiązałeś tego quizu